Lựa chọn, phân loại và hướng dẫn giải bài tập chương " Tĩnh điện học" nhằm giúp học sinh củng cố và nâng cao kiến thức vật lý 11 - THPT
Những cơ sở lý luận của việc lựa chọn, phân loại và hướng giải bài tập vật lý. Lựa chọn, phân loại và hướng dẫn hoạc sinh giải bài tập chương "Tĩnh điện học" - Vật lý 11. Thực nghiệm sư phạm.
Sparad:
| Huvudupphovsman: | |
|---|---|
| Övriga upphovsmän: | |
| Materialtyp: | Bok |
| Språk: | Vietnamese |
| Publicerad: |
Đà Nẵng
Đại học Đà Nẵng
2006
|
| Ämnen: | |
| Taggar: |
Lägg till en tagg
Inga taggar, Lägg till första taggen!
|
| Thư viện lưu trữ: | Mạng thư viện Đại học Đà Nẵng |
|---|
| LEADER | 01678nam a2200373 4500 | ||
|---|---|---|---|
| 001 | 000012114 | ||
| 003 | 8401 | ||
| 005 | 20120216070228.0 | ||
| 008 | 120216s2006 viesd | ||
| 041 | |a vie | ||
| 072 | |a Khóa luận tốt nghiệp | ||
| 082 | |a 537.2 |b NG-Đ | ||
| 100 | |a Nguyễn, Thị Mỹ Đức |e Tác giả | ||
| 245 | |a Lựa chọn, phân loại và hướng dẫn giải bài tập chương " Tĩnh điện học" nhằm giúp học sinh củng cố và nâng cao kiến thức vật lý 11 - THPT |c Nguyễn Thị Mỹ Đức | ||
| 260 | |a Đà Nẵng |b Đại học Đà Nẵng |c 2006 | ||
| 300 | |a 78 tr. |c 29 cm | ||
| 500 | |a Khóa luận tốt nghiệp khoa Vật lý. Lớp 021 VKL01 | ||
| 520 | |a Những cơ sở lý luận của việc lựa chọn, phân loại và hướng giải bài tập vật lý. Lựa chọn, phân loại và hướng dẫn hoạc sinh giải bài tập chương "Tĩnh điện học" - Vật lý 11. Thực nghiệm sư phạm. | ||
| 653 | |a Lựa chọn | ||
| 653 | |a Phân loại | ||
| 653 | |a Hướng dẫn | ||
| 653 | |a Giải bài tập | ||
| 653 | |a Vật lý 11 | ||
| 700 | |a Nguyễn Bảo Hoàng Thanh |c T.S |e Hướng dẫn | ||
| OWN | |a LSP | ||
| AVA | |a UDN50 |b LSP |d 537.2 NG-Đ |e available |t Error 5001 Not defined in file expand_doc_bib_avail. |f 1 |g 0 |h N |i 0 |k 1 | ||
| 999 | |a From the UDN01 | ||
| AVA | |a UDN50 |b LSP |d 537.2 NG-Đ |e available |t Error 5001 Not defined in file expand_doc_bib_avail. |f 1 |g 0 |h N |i 0 |k 1 | ||
| TYP | |a Monograph | ||
| TYP | |a Printed language | ||
| 980 | |a Mạng thư viện Đại học Đà Nẵng | ||